[Event "Open Portugal 2019"]
[Site "Lisboa POR"]
[Date "2019.02.08"]
[Round "8.29"]
[White "Hill, Alistair"]
[Black "Risting, Eivind Olav"]
[Result "1/2-1/2"]
[WhiteElo "2152"]
[BlackElo "2282"]
[WhiteFideId "432407"]
[BlackFideId "1517333"]
[BlackTitle "FM"]
[WhiteCountry "ENG"]
[BlackCountry "NOR"]
[PlyCount "80"]
[EventDate "2019.??.??"]

1. e4 c5 2. Nf3 d6 3. d4 cxd4 4. Nxd4 Nf6 5. Nc3 Nc6 6. Bg5 e6 7. Qd2 Be7 8.
O-O-O O-O 9. f4 Nxd4 10. Qxd4 Qa5 11. Be2 h6 12. h4 Rd8 13. Qe3 Bd7 14. Bxf6
Bxf6 15. Rxd6 Bc6 16. Rxd8+ Rxd8 17. e5 Be7 18. a3 Bc5 19. Qg3 Bxa3 20. Rd1
Rxd1+ 21. Nxd1 Bb4 22. c3 Bc5 23. Bd3 Qa1+ 24. Kd2 Ba4 25. Bc2 Bxc2 26. Kxc2
Qa4+ 27. Kc1 Qe4 28. h5 b5 29. Kd2 a5 30. Nf2 Bxf2 31. Qxf2 b4 32. cxb4 axb4 33.
g3 Qd5+ 34. Ke3 Qb3+ 35. Kd4 Qd5+ 36. Ke3 Qc5+ 37. Kf3 Qc4 38. Qd2 b3 39. Ke3
Qc5+ 40. Ke2 Qb5+ 1/2-1/2

[Event "Open Portugal 2019"]
[Site "Lisboa POR"]
[Date "2019.02.08"]
[Round "8.30"]
[White "Mabille, Natacha"]
[Black "Pacan-Milej, Kosma"]
[Result "0-1"]
[WhiteElo "1896"]
[BlackElo "2273"]
[WhiteFideId "218677"]
[BlackFideId "21800537"]
[BlackTitle "FM"]
[WhiteCountry "BEL"]
[BlackCountry "POL"]
[PlyCount "110"]
[EventDate "2019.??.??"]

1. e4 c5 2. Nf3 d6 3. d4 Nf6 4. dxc5 Nxe4 5. cxd6 Nc6 6. Be3 Nxd6 7. Nc3 e6 8.
Qd2 Be7 9. O-O-O O-O 10. Bc5 Nf5 11. Qxd8 Rxd8 12. Rxd8+ Bxd8 13. Bb5 Bd7 14.
Rd1 Be8 15. Ne4 a6 16. Be2 Bc7 17. g4 Bf4+ 18. Kb1 Nfe7 19. Bd6 Ng6 20. Nc5 Bxd6
21. Rxd6 Rb8 22. Nd2 Kf8 23. Nde4 Ke7 24. Rd2 Nce5 25. Rd4 Nf4 26. Bd1 Bc6 27.
Kc1 Rd8 28. Rb4 b5 29. a4 a5 30. Rb3 b4 31. Re3 f6 32. b3 h6 33. h3 Rd4 34. h4
Ng2 35. Re2 Nxh4 36. f4 Nxg4 37. Nxf6 Rxd1+ 38. Kxd1 Bf3 39. Nxg4 Bxg4 40. Nb7
Nf5 41. Kd2 Bxe2 42. Kxe2 Nd4+ 43. Kd3 Nc6 44. c3 bxc3 45. Kxc3 h5 46. Kd3 h4
47. Ke4 Nd4 48. Kxd4 h3 49. Nxa5 h2 50. Kc5 h1=Q 51. b4 Qd5+ 52. Kb6 Qd4+ 53.
Kb5 Qxf4 54. Nc6+ Kd7 55. a5 Kc7 0-1

[Event "Open Portugal 2019"]
[Site "Lisboa POR"]
[Date "2019.02.08"]
[Round "8.31"]
[White "Sande Edreira, José"]
[Black "Maloberti, David"]
[Result "1-0"]
[WhiteElo "2244"]
[BlackElo "2121"]
[WhiteFideId "2204487"]
[BlackFideId "620149"]
[WhiteTitle "FM"]
[WhiteCountry "ESP"]
[BlackCountry "FRA"]
[PlyCount "85"]
[EventDate "2019.??.??"]

1. c4 Nf6 2. g3 g6 3. Bg2 Bg7 4. Nc3 d6 5. e4 O-O 6. Nge2 e5 7. O-O Be6 8. d3
Qd7 9. f4 Bh3 10. f5 Bxg2 11. Kxg2 Nc6 12. Bg5 Nd4 13. Bxf6 Bxf6 14. Nd5 Bd8 15.
Nxd4 exd4 16. Qd2 c6 17. Nf4 Bf6 18. Rf3 Qe7 19. Raf1 Rae8 20. h4 Bg7 21. Nh5 f6
22. Nxg7 Kxg7 23. g4 Qe5 24. g5 fxg5 25. Qxg5 Rf6 26. Rg3 d5 27. cxd5 cxd5 28.
Rf4 Rc8 29. Rfg4 Rc2+ 30. Kh3 dxe4 31. dxe4 Rxb2 32. h5 Re2 33. hxg6 hxg6 34.
Rh4 Rxe4 35. Qh6+ Kf7 36. Qh7+ Ke8 37. Qg8+ Rf8 38. Qxg6+ Kd8 39. Rxe4 Qxe4 40.
Qd6+ Ke8 41. Qb8+ Kf7 42. Qc7+ Kf6 43. Qg7+ 1-0

[Event "Open Portugal 2019"]
[Site "Lisboa POR"]
[Date "2019.02.08"]
[Round "8.32"]
[White "Dâmaso, Rui"]
[Black "Huse, Sigurd"]
[Result "1-0"]
[WhiteElo "2439"]
[BlackElo "2080"]
[WhiteFideId "1900030"]
[BlackFideId "1520717"]
[WhiteTitle "IM"]
[WhiteCountry "POR"]
[BlackCountry "NOR"]
[PlyCount "65"]
[EventDate "2019.??.??"]

1. Nf3 d5 2. g3 Nf6 3. Bg2 g6 4. c4 c6 5. b3 Bg7 6. Bb2 O-O 7. d3 Nbd7 8. O-O
Re8 9. Nbd2 e5 10. cxd5 Nxd5 11. Qc2 N7b6 12. a3 Bd7 13. Rad1 Qc8 14. Ne4 Qc7
15. Nc5 Rad8 16. Nxd7 Rxd7 17. Nd2 Qd8 18. Ne4 h6 19. b4 Kh7 20. Nc5 Rde7 21. e4
Nf6 22. d4 exd4 23. Bxd4 Qb8 24. f4 Nfd7 25. e5 Nd5 26. Ne4 Nf8 27. Bc5 Rd7 28.
Qf2 b6 29. Bd6 Qc8 30. b5 Ne7 31. bxc6 Nxc6 32. Rc1 Red8 33. Rxc6 1-0

[Event "Open Portugal 2019"]
[Site "Lisboa POR"]
[Date "2019.02.08"]
[Round "8.34"]
[White "Dias, Ricardo"]
[Black "Martín Duque, Jesus"]
[Result "0-1"]
[WhiteElo "2128"]
[BlackElo "2393"]
[WhiteFideId "1930060"]
[BlackFideId "2208954"]
[BlackTitle "FM"]
[WhiteCountry "POR"]
[BlackCountry "ESP"]
[PlyCount "146"]
[EventDate "2019.??.??"]

1. e4 e5 2. Nf3 Nc6 3. Bb5 a6 4. Ba4 Nf6 5. O-O Be7 6. Re1 b5 7. Bb3 d6 8. c3
O-O 9. h3 Nb8 10. d4 Nbd7 11. Nbd2 Bb7 12. Bc2 Re8 13. Nf1 Bf8 14. Ng3 g6 15. a4
c5 16. d5 c4 17. Bg5 h6 18. Be3 Qc7 19. Qd2 Kh7 20. Ra3 Nc5 21. Rea1 Nfd7 22.
Qd1 Nb6 23. axb5 axb5 24. Nd2 Reb8 25. R1a2 Nca4 26. Qf1 Nc5 27. Qa1 Rxa3 28.
Rxa3 Bc8 29. Ra7 Rb7 30. Rxb7 Qxb7 31. Qa3 Bd7 32. Nb1 Nba4 33. Qa2 Qc8 34. Na3
h5 35. Qb1 Bg7 36. Ne2 Bh6 37. Bxh6 Kxh6 38. b3 cxb3 39. Bxb3 Nxb3 40. Qxb3 Nc5
41. Qb1 Qa6 42. Nc2 Qa4 43. Nb4 Kg7 44. f4 exf4 45. Nxf4 Qa8 46. Kf2 Qe8 47. Kf3
Qe5 48. Ne2 g5 49. g4 hxg4+ 50. hxg4 Qf6+ 51. Kg3 Qh6 52. Qg1 Nxe4+ 53. Kf3 Nf6
54. Qg3 Nxg4 55. Kg2 Bf5 56. Nd4 Be4+ 57. Kf1 Ne5 58. Nbc6 Qf6+ 59. Ke1 Bxd5 60.
Nxe5 dxe5 61. Nxb5 Bc4 62. Na3 Be6 63. Nc2 g4 64. c4 Qg5 65. Ne3 Qf4 66. Qg1 f5
67. c5 Kf7 68. c6 Qe4 69. Kd2 Qxc6 70. Qa1 Qd6+ 71. Ke2 f4 72. Nd1 g3 73. Qb1
Bg4+ 0-1

[Event "Open Portugal 2019"]
[Site "Lisboa POR"]
[Date "2019.02.08"]
[Round "8.35"]
[White "Rocha, Sérgio"]
[Black "Bruaset, Eivind"]
[Result "1-0"]
[WhiteElo "2354"]
[BlackElo "2124"]
[WhiteFideId "1900404"]
[BlackFideId "1515276"]
[WhiteTitle "IM"]
[WhiteCountry "POR"]
[BlackCountry "NOR"]
[PlyCount "89"]
[EventDate "2019.??.??"]

1. Nf3 e6 2. c4 b6 3. g3 Bb7 4. Bg2 f5 5. d3 Nf6 6. b3 e5 7. Nc3 Bb4 8. Bd2 O-O
9. O-O d6 10. d4 Qe7 11. a3 Bxc3 12. Bxc3 e4 13. Ng5 h6 14. Nh3 g5 15. d5 Nbd7
16. Qd4 Nc5 17. Rab1 Kh7 18. b4 Na4 19. Ba1 b5 20. f4 g4 21. Nf2 bxc4 22. Qxc4
Nb6 23. Qd4 Bxd5 24. Rbc1 Kg6 25. Nd1 Rfc8 26. Ne3 c5 27. Qd2 Be6 28. Rfd1 d5
29. bxc5 Rxc5 30. Bxf6 Qf8 31. Bd4 Rxc1 32. Rxc1 Nc4 33. Nxc4 dxc4 34. Qa5 Qd6
35. e3 a6 36. Bf1 Rc8 37. Be2 h5 38. Bc3 Qe7 39. Rb1 h4 40. Rb6 hxg3 41. hxg3
Kh5 42. Kf2 Qd7 43. Qe5 Re8 44. Qf6 Qe7 45. Rxe6 1-0

[Event "Open Portugal 2019"]
[Site "Lisboa POR"]
[Date "2019.02.08"]
[Round "8.36"]
[White "Tryggestad, Andreas Garberg"]
[Black "Fröwis, Annika"]
[Result "1-0"]
[WhiteElo "2351"]
[BlackElo "2104"]
[WhiteFideId "1513338"]
[BlackFideId "1621432"]
[WhiteTitle "FM"]
[BlackTitle "WFM"]
[WhiteCountry "NOR"]
[BlackCountry "AUT"]
[PlyCount "109"]
[EventDate "2019.??.??"]

1. d4 d5 2. c4 e6 3. Nf3 Nf6 4. Nc3 Be7 5. Bg5 O-O 6. e3 c6 7. Bd3 Nbd7 8. Qc2
b6 9. Ne5 Nxe5 10. dxe5 Ng4 11. Bxh7+ Kh8 12. Bf4 dxc4 13. Be4 Bb7 14. Qe2 f5
15. exf6 Nxf6 16. Bg6 Kg8 17. e4 Bb4 18. O-O Qd3 19. Qe1 Rad8 20. f3 Bxc3 21.
bxc3 c5 22. Rc1 Bc6 23. Bc7 Rd7 24. Qg3 Qe3+ 25. Kh1 Qh6 26. Be5 Rdd8 27. Bd6
Ba4 28. Bxf8 Kxf8 29. e5 Nd5 30. f4 Ne7 31. Be4 Kg8 32. Qe3 g6 33. Qe2 Kf7 34.
Qxc4 Rh8 35. h3 Bd7 36. Rcd1 Bc8 37. f5 gxf5 38. Bxf5 Nxf5 39. Rxf5+ Ke7 40. Rf6
Qe3 41. Qf4 Qxf4 42. Rxf4 Bb7 43. Kh2 Bd5 44. g4 b5 45. a4 Bc4 46. g5 a6 47.
axb5 Bxb5 48. Rd6 a5 49. g6 Rg8 50. Rf7+ Ke8 51. Rb7 Bc4 52. Ra6 Bxa6 53. Rb8+
Ke7 54. Rxg8 Bd3 55. g7 1-0

[Event "Open Portugal 2019"]
[Site "Lisboa POR"]
[Date "2019.02.08"]
[Round "8.37"]
[White "Ilic, Zoran"]
[Black "Aflalo, Sophie"]
[Result "1-0"]
[WhiteElo "2302"]
[BlackElo "2091"]
[WhiteFideId "901733"]
[BlackFideId "656887"]
[WhiteTitle "IM"]
[WhiteCountry "SRB"]
[BlackCountry "FRA"]
[PlyCount "57"]
[EventDate "2019.??.??"]

1. d4 Nf6 2. Nf3 g6 3. c4 Bg7 4. g3 d6 5. Bg2 O-O 6. O-O Nbd7 7. Nc3 e5 8. e4 c6
9. b3 Qe7 10. h3 a5 11. Re1 Re8 12. Bb2 h5 13. Qd2 exd4 14. Nxd4 Nc5 15. Rad1
Nfd7 16. f4 Nb6 17. Bf1 h4 18. g4 a4 19. b4 Ne6 20. Nf5 gxf5 21. exf5 Qf6 22.
fxe6 Bxe6 23. Nxa4 Qg6 24. Nxb6 Rxa2 25. f5 Qh7 26. Rb1 Bh6 27. Qd4 c5 28. Qf6
Bd2 29. fxe6 1-0

[Event "Open Portugal 2019"]
[Site "Lisboa POR"]
[Date "2019.02.08"]
[Round "8.38"]
[White "Bubalovic, Davorin"]
[Black "Fernandes, Alberto"]
[Result "1/2-1/2"]
[WhiteElo "2249"]
[BlackElo "2072"]
[WhiteFideId "14500515"]
[BlackFideId "1900277"]
[WhiteTitle "FM"]
[BlackTitle "NM"]
[WhiteCountry "CRO"]
[BlackCountry "POR"]
[PlyCount "149"]
[EventDate "2019.??.??"]

1. e4 e5 2. Nf3 Nc6 3. Bb5 a6 4. Ba4 Nf6 5. O-O Be7 6. d3 b5 7. Bb3 d6 8. a4 b4
9. a5 O-O 10. Nbd2 Be6 11. Nc4 Bg4 12. c3 d5 13. Ne3 dxe4 14. Nxg4 exf3 15.
Nxf6+ Bxf6 16. Qxf3 Na7 17. cxb4 Nb5 18. Bc4 Nd4 19. Qd1 Bg5 20. Be3 Kh8 21. Re1
c6 22. Qa4 Be7 23. Bxd4 Qxd4 24. Qxc6 Bxb4 25. Re2 Rfc8 26. Qb7 Rcb8 27. Qxf7
Rf8 28. Qd5 Bc5 29. Qxd4 Bxd4 30. Rb1 Rf6 31. Kf1 g5 32. Ke1 g4 33. Bd5 Rd8 34.
Be4 Rb8 35. Rc2 Rh6 36. Ke2 Rf8 37. Rf1 Rb8 38. Rfc1 Rxb2 39. Rxb2 Bxb2 40. Rc8+
Kg7 41. Rc7+ Kh8 42. Bd5 Bd4 43. Rc8+ Kg7 44. Rg8+ Kf6 45. Rxg4 Rxh2 46. Rg8 Rh6
47. Rc8 Ke7 48. Rc7+ Kd8 49. Rf7 Bc3 50. Rf5 Ke7 51. Bc4 Rf6 52. Rh5 h6 53. f3
Rg6 54. g4 Kd6 55. Bxa6 Bxa5 56. d4 Bc3 57. dxe5+ Bxe5 58. Bc4 Rf6 59. Ke3 Bf4+
60. Ke2 Bg5 61. Rh1 Ke5 62. Ra1 Rd6 63. Ra5+ Kf4 64. Bd5 Kg3 65. Kd3 Rd8 66. Ke4
Rf8 67. Ra3 Bc1 68. Rb3 Bf4 69. Bc6 Rf6 70. Bd5 Rf8 71. Bc6 Rf7 72. Rb1 Bg5 73.
Rg1+ Kf2 74. Rb1 Rxf3 75. Ra1 1/2-1/2

[Event "Open Portugal 2019"]
[Site "Lisboa POR"]
[Date "2019.02.08"]
[Round "8.39"]
[White "Thompson, Ian D"]
[Black "Corbalán Gómez, Juan José"]
[Result "1-0"]
[WhiteElo "2122"]
[BlackElo "2235"]
[WhiteFideId "405205"]
[BlackFideId "2260492"]
[WhiteTitle "FM"]
[WhiteCountry "ENG"]
[BlackCountry "ESP"]
[PlyCount "96"]
[EventDate "2019.??.??"]

1. c4 e5 2. g3 Nf6 3. Bg2 d5 4. cxd5 Nxd5 5. Nf3 Nc6 6. O-O Nb6 7. Nc3 Be7 8. b3
O-O 9. Bb2 Be6 10. Rc1 f6 11. Ne4 a5 12. d4 exd4 13. Nxd4 Nxd4 14. Bxd4 Nd5 15.
Nc5 Bxc5 16. Bxc5 Rf7 17. Qd3 Rd7 18. Be4 g6 19. Qf3 f5 20. Bb1 c6 21. Bd4 Nf6
22. Ba1 Kf7 23. e4 fxe4 24. Bxe4 Qe7 25. Rfe1 Rf8 26. Qc3 Kg8 27. Bg2 Qf7 28.
Re3 h5 29. Rce1 Bf5 30. Qxa5 Nd5 31. Re5 Kh7 32. Qc5 Kg8 33. Qd4 Nf6 34. Qh4 Kh7
35. Qg5 Re8 36. Rxe8 Nxe8 37. Qe3 Ng7 38. h4 Ne6 39. Qe5 Ng7 40. Bf1 b5 41. Bg2
Rc7 42. Bd4 Rc8 43. Qd6 Ne6 44. Bc3 b4 45. Bxb4 c5 46. Bc3 Rd8 47. Qe5 Nd4 48.
Qxc5 Nc2 1-0

[Event "Open Portugal 2019"]
[Site "Lisboa POR"]
[Date "2019.02.08"]
[Round "8.40"]
[White "Sousa, Hugo C"]
[Black "Rego, Pedro"]
[Result "0-1"]
[WhiteElo "2097"]
[BlackElo "2228"]
[WhiteFideId "1930842"]
[BlackFideId "1904310"]
[BlackTitle "FM"]
[WhiteCountry "POR"]
[BlackCountry "POR"]
[PlyCount "158"]
[EventDate "2019.??.??"]

1. e4 c6 2. d4 d5 3. Nd2 dxe4 4. Nxe4 Nf6 5. Nxf6+ exf6 6. Nf3 Bd6 7. Be2 O-O 8.
O-O Bg4 9. c4 Nd7 10. Qc2 Bh5 11. Bd2 Re8 12. Rfe1 Nf8 13. Rad1 Qd7 14. Be3 Qc7
15. h3 Rad8 16. Nh4 Bg6 17. Nxg6 hxg6 18. Bf3 Ne6 19. d5 cxd5 20. Bxd5 Be5 21.
Re2 f5 22. f3 Nf4 23. Bxf4 Bxf4 24. Rde1 Qc5+ 25. Kf1 Rxe2 26. Qxe2 Bg3 27. Qe3
Qa5 28. Rd1 f4 29. Qc3 Qc7 30. Rd2 Re8 31. Re2 Rxe2 32. Kxe2 Qe7+ 33. Kd1 b6 34.
Qd2 Qc5 35. Qe2 Qd4+ 36. Kc2 Kf8 37. Qd2 Qc5 38. b3 a5 39. Be4 Kg8 40. Bd5 Qa3
41. Kb1 Bh4 42. Qxf4 Bf6 43. Qd2 Qc5 44. Kc2 Qg1 45. Kd3 Qf1+ 46. Qe2 Qb1+ 47.
Qc2 Qa1 48. Be4 Bd4 49. Qd2 Bc5 50. Ke2 Kh7 51. h4 Bb4 52. Qd1 Qxa2+ 53. Bc2 Qb2
54. Kf1 Qe5 55. Qe2 Qh2 56. f4 Qxf4+ 57. Qf3 Qd2 58. Qe2 Qc1+ 59. Qd1 Qf4+ 60.
Qf3 Qe5 61. Qe4 Qa1+ 62. Bb1 Qf6+ 63. Qf3 Qb2 64. Qd1 Bc5 65. Bc2 Qf6+ 66. Qf3
Qa1+ 67. Qd1 Qf6+ 68. Qf3 Qxh4 69. Qh3 Qxh3 70. gxh3 Kh6 71. Kg2 Kg5 72. Be4 Kf4
73. Bc6 g5 74. Be8 f5 75. Bh5 Bd4 76. Bd1 g6 77. Be2 Ke3 78. Bd1 Kd2 79. Bf3 Kc2
0-1

[Event "Open Portugal 2019"]
[Site "Lisboa POR"]
[Date "2019.02.08"]
[Round "8.41"]
[White "Pietruszewski, Marcin"]
[Black "Fernandes, Miguel"]
[Result "0-1"]
[WhiteElo "2226"]
[BlackElo "2066"]
[WhiteFideId "1170295"]
[BlackFideId "1920456"]
[WhiteCountry "POL"]
[BlackCountry "POR"]
[PlyCount "73"]
[EventDate "2019.02.02"]
[Annotator "inc. "]

1. e4 c6 2. d4 d5 3. e5 Bf5 4. Nf3 e6 5. Be2 Ne7 6. O-O Ng6 7. Be3 Nd7 8. Nbd2
f6 9. exf6 Qxf6 10. c4 Bd6 11. Qb3 Rb8 12. Rfe1 O-O 13. Bf1 Kh8 14. g3 h6 15.
Bg2 Qf7 16. Re2 Nf6 17. h3 b5 18. cxb5 Rxb5 19. Qc3 Bb4 20. Qb3 Bd3 21. Ree1 Ne4
22. Rad1 Rb6 23. Qa4 Bxd2 24. Nxd2 Rxb2 25. Qa3 Rxd2 26. Rxd2 Nxd2 27. Qxd3 Nc4
28. Rb1 Qf6 29. Bf1 Ne7 30. g4 Ng6 31. Rb7 Nh4 32. f4 Nxe3 33. Qxe3 Ng6 34. Rxa7
Nxf4 35. Qe5 Qxe5 36. dxe5 Rc8 37. Kf2 0-1

[Event "Open Portugal 2019"]
[Site "Lisboa POR"]
[Date "2019.02.08"]
[Round "8.42"]
[White "Hodovský, Jiri"]
[Black "Garcia Dorado, Alberto"]
[Result "0-1"]
[WhiteElo "2094"]
[BlackElo "2223"]
[WhiteFideId "317250"]
[BlackFideId "2252244"]
[BlackTitle "CM"]
[WhiteCountry "CZE"]
[BlackCountry "ESP"]
[PlyCount "106"]
[EventDate "2019.02.02"]

1. d4 d5 2. Nf3 Nf6 3. c4 e6 4. Bg5 c6 5. cxd5 exd5 6. Nc3 Be7 7. e3 Nbd7 8. Bd3
Nh5 9. Bxe7 Qxe7 10. O-O O-O 11. Qc2 g6 12. Rfe1 Ndf6 13. Ne5 Ng7 14. Rab1 Bf5
15. b4 a6 16. a4 Rac8 17. f3 Bxd3 18. Qxd3 Rfd8 19. Qe2 Nf5 20. Nd3 Re8 21. Nc5
Rc7 22. b5 axb5 23. axb5 Qxe3+ 24. Qxe3 Rxe3 25. Rxe3 Nxe3 26. b6 Re7 27. Re1
Kf8 28. N3a4 Nc4 29. Rxe7 Kxe7 30. Nxb7 Nd7 31. Nbc5 Ndxb6 32. Nxb6 Nxb6 33. Kf2
Nd7 34. Nb7 Nb6 35. Ke3 Na4 36. Kf4 f6 37. Na5 Kd6 38. Nb3 c5 39. dxc5+ Nxc5 40.
Nd2 d4 41. h4 Kd5 42. g4 Ne6+ 43. Kg3 f5 44. h5 f4+ 45. Kf2 gxh5 46. gxh5 Nc5
47. Kg2 Ke5 48. Kh3 Kf5 49. Kh4 h6 50. Nc4 d3 51. Nd2 Nd7 52. Ne4 Nf6 53. Nd2
Ke5 0-1

[Event "Open Portugal 2019"]
[Site "Lisboa POR"]
[Date "2019.02.08"]
[Round "8.43"]
[White "Korneev Leskova, Svyatoslav"]
[Black "Guerreiro, Nuno"]
[Result "1/2-1/2"]
[WhiteElo "2223"]
[BlackElo "2064"]
[WhiteFideId "22267565"]
[BlackFideId "1903012"]
[WhiteCountry "ESP"]
[BlackCountry "POR"]
[PlyCount "58"]
[EventDate "2019.02.02"]

1. c4 Nc6 2. Nc3 e5 3. g3 Nf6 4. Bg2 Bb4 5. Nf3 O-O 6. O-O Re8 7. Ne1 h6 8. d3
Nd4 9. Nc2 Nxc2 10. Qxc2 c6 11. a3 Bf8 12. Ne4 Nh7 13. f4 exf4 14. gxf4 d5 15.
Ng3 d4 16. f5 Nf6 17. Ne4 Re5 18. Ng3 Ng4 19. Bf3 Qh4 20. Bxg4 Qxg4 21. Rf4 Qh3
22. Rf3 Qg4 23. Rf4 Qh3 24. b4 Bxf5 25. Bb2 c5 26. bxc5 Bxc5 27. Raf1 Bg6 28.
Bxd4 Rg5 29. Bxc5 Rxg3+ 1/2-1/2

[Event "Open Portugal 2019"]
[Site "Lisboa POR"]
[Date "2019.02.08"]
[Round "8.44"]
[White "Carlsson, Ludvig"]
[Black "Fossan, Aleksander"]
[Result "1-0"]
[WhiteElo "2217"]
[BlackElo "2040"]
[WhiteFideId "1727010"]
[BlackFideId "1519794"]
[WhiteTitle "CM"]
[WhiteCountry "SWE"]
[BlackCountry "NOR"]
[PlyCount "117"]
[EventDate "2019.02.02"]

1. Nf3 c5 2. e4 g6 3. d4 cxd4 4. Nxd4 Bg7 5. c4 Nc6 6. Be3 Nf6 7. Nc3 d6 8. f3
O-O 9. Qd2 Bd7 10. Be2 Nxd4 11. Bxd4 Bc6 12. b4 a5 13. b5 Be8 14. Nd5 Nd7 15.
Bxg7 Kxg7 16. h4 Nc5 17. h5 f5 18. exf5 Rxf5 19. g4 Rf8 20. hxg6 Bxg6 21. Qh6+
Kg8 22. Nf4 Qe8 23. Nh5 Rf7 24. f4 Bxh5 25. Rxh5 Qf8 26. Qxf8+ Raxf8 27. f5 Rg7
28. O-O-O Ne4 29. Bf3 Nf6 30. Rh4 b6 31. Kb2 Kf7 32. Kc3 Rfg8 33. Kd4 Ke8 34.
Kc3 Rg5 35. Rh6 R8g7 36. Rxd6 exd6 37. Rxf6 Kd7 38. Rh6 Re7 39. Kd3 Ke8 40. Rxd6
h5 41. f6 Re1 42. gxh5 Rg3 43. Kd2 Ra1 44. Rd3 Rxa2+ 45. Ke3 Rg1 46. Kf4 Rf2 47.
Ke5 Re1+ 48. Be4 Rfe2 49. Rd4 Rh2 50. Ke6 Rf2 51. c5 bxc5 52. Rc4 Rh2 53. h6
Rxh6 54. b6 Rh2 55. b7 Rb2 56. Kd6 Re3 57. Bg6+ Kd8 58. Re4 Rd3+ 59. Kc6 1-0

[Event "Open Portugal 2019"]
[Site "Lisboa POR"]
[Date "2019.02.08"]
[Round "8.45"]
[White "Leão, Tiago"]
[Black "Boucquet, Emile"]
[Result "1-0"]
[WhiteElo "2084"]
[BlackElo "2213"]
[WhiteFideId "1925563"]
[BlackFideId "233161"]
[WhiteCountry "POR"]
[BlackCountry "BEL"]
[PlyCount "55"]
[EventDate "2019.02.02"]

1. d4 c5 2. d5 Nf6 3. c4 g6 4. Nc3 Bg7 5. e4 d6 6. Bd3 O-O 7. f3 Na6 8. Be3 Nc7
9. Qd2 Re8 10. Nge2 Bd7 11. g4 h5 12. gxh5 Nxh5 13. Ng3 Nxg3 14. hxg3 e6 15.
O-O-O exd5 16. exd5 b5 17. Bg5 Qb8 18. Qh2 Re5 19. Qh7+ Kf8 20. Bh6 Bxh6+ 21.
Qxh6+ Ke7 22. f4 Rh5 23. Rxh5 gxh5 24. Re1+ Kd8 25. Qxd6 Qb6 26. Qf8+ Ne8 27. d6
bxc4 28. Rxe8+ 1-0

[Event "Open Portugal 2019"]
[Site "Lisboa POR"]
[Date "2019.02.08"]
[Round "8.46"]
[White "Real, Thibault"]
[Black "Andias, João"]
[Result "0-1"]
[WhiteElo "2211"]
[BlackElo "2039"]
[WhiteFideId "205559"]
[BlackFideId "1900862"]
[WhiteCountry "BEL"]
[BlackCountry "POR"]
[PlyCount "80"]
[EventDate "2019.02.02"]

1. d4 Nf6 2. Bf4 d6 3. Nc3 Bf5 4. f3 e6 5. e4 Bg6 6. Qd2 a6 7. O-O-O d5 8. Bg5
Be7 9. e5 Nfd7 10. Bxe7 Qxe7 11. f4 h5 12. Nf3 c5 13. Bd3 Bxd3 14. cxd3 cxd4 15.
Ne2 Nc6 16. Kb1 O-O-O 17. Nfxd4 Nxd4 18. Nxd4 g6 19. Rc1+ Kb8 20. Rc6 Rc8 21.
Rd6 Rc7 22. b4 Nf6 23. b5 Ne8 24. Qb4 Ka8 25. bxa6 Nxd6 26. exd6 Qf8 27. Qb6 Rd7
28. Nb5 Qb8 29. Nc7+ Rxc7 30. dxc7 Qa7 31. Qd6 Rc8 32. Rc1 Qxa6 33. Qb4 Qxd3+
34. Kb2 Qe3 35. Rc5 Qe2+ 36. Ka3 Qd3+ 37. Ka4 Qd1+ 38. Ka5 Qe2 39. Ka4 Qxa2+ 40.
Kb5 Qa6# 0-1

[Event "Open Portugal 2019"]
[Site "Lisboa POR"]
[Date "2019.02.08"]
[Round "8.47"]
[White "Harshal, Shahi"]
[Black "Fidalgo, André"]
[Result "1/2-1/2"]
[WhiteElo "2064"]
[BlackElo "2204"]
[WhiteFideId "5048257"]
[BlackFideId "1933620"]
[WhiteTitle "FM"]
[BlackTitle "NM"]
[WhiteCountry "IND"]
[BlackCountry "POR"]
[PlyCount "93"]
[EventDate "2019.02.02"]

1. e4 c5 2. Nf3 d6 3. d4 cxd4 4. Nxd4 Nf6 5. Nc3 a6 6. Be3 e5 7. Nf3 Be7 8. Bc4
O-O 9. O-O Nc6 10. Re1 b5 11. Bb3 Be6 12. Bg5 Na5 13. Bxf6 Bxf6 14. Nd5 Rc8 15.
c3 Nc4 16. Bxc4 bxc4 17. b3 Be7 18. h3 f5 19. exf5 Rxf5 20. bxc4 Rf7 21. Qd3 Qf8
22. Rad1 Bd8 23. Re3 a5 24. Qe2 h6 25. Kh2 Bxd5 26. Rxd5 Bb6 27. Re4 Bc5 28. Qd2
a4 29. Rg4 Rf6 30. Nh4 Qf7 31. Nf3 a3 32. Qe2 Qf8 33. Qd2 Qf7 34. Qd3 Rf4 35.
Rxf4 Qxf4+ 36. g3 Qf6 37. Kg2 Rb8 38. Qe2 Rb2 39. Rd2 e4 40. Qxe4 Rxd2 41. Qe8+
Kh7 42. Qe4+ g6 43. Qb7+ Kg8 44. Qc8+ Kf7 45. Qd7+ Kf8 46. Qc8+ Kf7 47. Qd7+
1/2-1/2

[Event "Open Portugal 2019"]
[Site "Lisboa POR"]
[Date "2019.02.08"]
[Round "8.48"]
[White "Javet, Blaise"]
[Black "Costa, Paulo"]
[Result "0-1"]
[WhiteElo "2027"]
[BlackElo "2200"]
[WhiteFideId "1305026"]
[BlackFideId "1900900"]
[BlackTitle "NM"]
[WhiteCountry "SUI"]
[BlackCountry "POR"]
[PlyCount "68"]
[EventDate "2019.02.02"]

1. e4 c5 2. Nf3 e6 3. d4 cxd4 4. Nxd4 a6 5. Bd3 Bc5 6. c3 d6 7. O-O Nf6 8. Nd2
O-O 9. Kh1 e5 10. Nf5 Bxf5 11. exf5 d5 12. Bc2 Nc6 13. Nb3 Ba7 14. Bg5 d4 15.
Qe2 Qd6 16. Rfd1 Rad8 17. Be4 Rfe8 18. Rd3 Nxe4 19. Bxd8 Nxf2+ 20. Qxf2 e4 21.
Rxd4 Nxd4 22. Nxd4 Rxd8 23. Qe2 Bxd4 24. cxd4 Qxd4 25. Re1 h6 26. h3 Re8 27. Rd1
Qe5 28. Rf1 Rd8 29. f6 gxf6 30. Qe3 Kg7 31. b3 f5 32. Rf4 Rd3 33. Qf2 b5 34. g3
e3 0-1

[Event "Open Portugal 2019"]
[Site "Lisboa POR"]
[Date "2019.02.08"]
[Round "8.49"]
[White "Slovák, Pavel"]
[Black "Li, Yunshan"]
[Result "1/2-1/2"]
[WhiteElo "2010"]
[BlackElo "2196"]
[WhiteFideId "318493"]
[BlackFideId "8607664"]
[BlackTitle "WFM"]
[WhiteCountry "CZE"]
[BlackCountry "CHN"]
[PlyCount "54"]
[EventDate "2019.02.02"]

1. e4 c6 2. d4 d5 3. Nd2 dxe4 4. Nxe4 Nf6 5. Ng5 c5 6. Bc4 e6 7. Ne2 Nc6 8. Nf3
Be7 9. O-O O-O 10. c3 b6 11. Be3 Ng4 12. Bf4 Bb7 13. h3 Nf6 14. Ne5 Na5 15. Bd3
Qd5 16. Nf3 Rfe8 17. Bh2 cxd4 18. Nexd4 Ne4 19. Qe2 Ng5 20. Rfd1 Bf6 21. Be5
Bxe5 22. Qxe5 Nxf3+ 23. Nxf3 Qxe5 24. Nxe5 f6 25. Ng4 Bc6 26. Be2 Bb7 27. Ne3
Kf7 1/2-1/2

[Event "Open Portugal 2019"]
[Site "Lisboa POR"]
[Date "2019.02.08"]
[Round "8.50"]
[White "Santos, José Gulherme"]
[Black "Darnell, Anton"]
[Result "1-0"]
[WhiteElo "2191"]
[BlackElo "2039"]
[WhiteFideId "1939300"]
[BlackFideId "1720244"]
[WhiteCountry "POR"]
[BlackCountry "SWE"]
[PlyCount "43"]
[EventDate "2019.02.02"]

1. e4 e6 2. d4 d5 3. Nc3 Bb4 4. e5 b6 5. a3 Bf8 6. f4 Ne7 7. Nf3 Qd7 8. b4 c5 9.
bxc5 bxc5 10. Bb5 Nec6 11. Be3 c4 12. Qd2 h5 13. f5 exf5 14. O-O Qd8 15. Bg5 Be7
16. Bxe7 Kxe7 17. Qg5+ Ke6 18. Qxg7 Rg8 19. Qh7 Bd7 20. Nxd5 Nxe5 21. Nxe5 Bxb5
22. Qxf5+ 1-0

[Event "Open Portugal 2019"]
[Site "Lisboa POR"]
[Date "2019.02.08"]
[Round "8.51"]
[White "Maisuradze, Nino"]
[Black "Silva, Gonçalo"]
[Result "1/2-1/2"]
[WhiteElo "2186"]
[BlackElo "2027"]
[WhiteFideId "13601717"]
[BlackFideId "1915100"]
[WhiteTitle "WGM"]
[WhiteCountry "FRA"]
[BlackCountry "POR"]
[PlyCount "70"]
[EventDate "2019.02.02"]

1. d4 Nf6 2. Nf3 d5 3. c4 e6 4. cxd5 exd5 5. Bg5 c6 6. Qc2 h6 7. Bh4 Be7 8. Nc3
O-O 9. e3 Bg4 10. Ne5 Bh5 11. Bd3 Nbd7 12. Bxf6 Bxf6 13. Nxd7 Qxd7 14. Bf5 Qe7
15. O-O g6 16. Bh3 Bg7 17. Rae1 f5 18. f3 Qh4 19. Ne2 Bxf3 20. gxf3 Qxh3 21. Nf4
Qh4 22. Nxg6 Qg5+ 23. Qg2 Rfe8 24. f4 Qxg2+ 25. Kxg2 Kf7 26. Ne5+ Ke6 27. h4
Bxe5 28. fxe5 Rg8+ 29. Kh3 h5 30. Rf3 Rg4 31. Ref1 Rf8 32. b4 Rf7 33. a4 Re4 34.
Rg1 Rg4 35. Rgf1 Re4 1/2-1/2